000 00544cam a2200169 4500
001 6174
005 20181127181106.0
008 110509s2010 xna b 000 0 eng d
010 _a 2011381660
245 1 4 _aAcademic skills ACS 101 :
_bTutor Materials.
_c
260 _a[Thimphu] :
_bRoyal Thimphu College,
_c[2013].
500 _aXerographic copy in a binder.
520 _aBachelor of arts : Academic Skills.
650 0 _aCollege student development programs.
_x
_v
650 0 _aCounseling in higher education.
650 0 _aFaculty advisors.
_x
999 _c5216
_d5216